• 首页
  • 本馆介绍
  • 公告通知
  • 最新文献
  • 馆藏检索
  • 电子资源
  • 读者导购
  • 参考咨询
  • 我的图书馆
  • 登录
  • 详细信息显示
  • 放入我的书架
  • 预约/预借图书
  • 作者相关作品
  • 分类相关作品
  • 丛书相关作品
  • 出版社相关作品

书目信息

  • 表格格式
  • 工作单格式
  • 卡片格式
题名:
从苏丹红说起
    
 
作者: 杨保刚等 编著
分册:  
出版信息: 北京   化学工业出版社  2005.40
页数:
开本: 32开
丛书名:
单 册:
中图分类: X56
科图分类:
主题词: 食物污染 , 食物污染--污染防治
电子资源:
ISBN: 7-5025-6975-8
000 00562nam0 2200193 450
001 0736196517
005 20070924100316.51
010    @a7-5025-6975-8@d¥10.00
100    @a20070924d km y0chiy0120 ea
101 0  @achi
200 1  @a从苏丹红说起@Acong su dan hong shuo qi@f杨保刚等 编著@Fyang bao gang deng bian zhu
210    @a北京@c化学工业出版社@d2005.40
215    @d32开
606 0  @a食物污染
606 0  @a食物污染@x污染防治
690    @aX56@v3
701  0 @a杨保刚等@Ayang bao gang deng@4编著
801  0 @aCN@bPFT@c20070924
905    @a213230@dX56@eZY33@f1
    
    从苏丹红说起/杨保刚等 编著.-北京:化学工业出版社,2005.40
    32开
    
    
    ISBN 7-5025-6975-8:¥10.00
    
●
相关链接 在E读中查询图书 在五车中查询图书 在当当中查询图书 在豆瓣中查询图书


正题名:从苏丹红说起     索取号:X56/ZY33         预约/预借

序号 登录号 条形码 馆藏地/架位号 状态 备注
1 7901296   279012961   密集书库-资源管理系/ [索取号:X56/ZY33] 在馆    
唐山师范学院图书馆 欢迎您!
大连网信软件有限公司© 版权所有